00637cam a2200121 a 4500020001500000040000800015082002700023245030100050260005800351300004400409650003400453710002800487 a971561048X cDLC a330 ASI 1994 C155 Or. 10aEconomic cooperation in the greater Mekong subregion :btoward implementation : proceedings of the Third Conference on Subregional Economic Cooperation among Cambodia, People's Republic of China, Lao People's Democratic Republic, Myanmar, Thailand and Viet Nam, Hanoi, Viet Nam, 20-23 April 1994. aManila, Philippines :bAsian Development Bank,c1994. axvii, 406 p. :bmaps (1 col.) ;c23 cm. 0aEconomic development projects2 aAsian Development Bank.